Search the Library Catalogue
| 000 -LEADER | |
|---|---|
| fixed length control field | 00818nam a2200241Ia 4500 |
| 008 - FIXED-LENGTH DATA ELEMENTS--GENERAL INFORMATION | |
| fixed length control field | 191130s2002##################000#0#eng## |
| 020 ## - INTERNATIONAL STANDARD BOOK NUMBER | |
| ISBN | 9780312296216 |
| 082 ## - DEWEY DECIMAL CLASSIFICATION NUMBER | |
| Classification number | 338.9173062 ALT |
| 100 ## - MAIN ENTRY--AUTHOR NAME | |
| Personal name | Alterman, Jon B |
| 245 ## - TITLE STATEMENT | |
| Title | Egypt and American foreign assistance, 1952-1956 : hopes dashed |
| Statement of responsibility, etc | Jon B. Alterman |
| 250 ## - EDITION STATEMENT | |
| Edition statement | 1st ed |
| 260 ## - PUBLICATION, DISTRIBUTION, ETC. (IMPRINT) | |
| Place of publication | Basingstoke, Hampshire |
| Name of publisher | Palgrave |
| Year of publication | 2002 |
| 300 ## - PHYSICAL DESCRIPTION | |
| Number of Pages | xxiv, 200 p. ; 22 cm |
| 500 ## - GENERAL NOTE | |
| General note | Includes bibliographical references (p. [177]-194) and index |
| 650 ## - SUBJECT ADDED ENTRY--TOPICAL TERM | |
| Topical Term | Egypt - Foreign relations - United States |
| Topical Term | United States - Foreign relations - 1945-1989 |
| Topical Term | United States - Foreign relations - Egypt |
| 991 ## - | |
| -- | 141621 |
| Withdrawn status | Lost status | Damaged status | Not for loan | Home library | Current library | Shelving location | Date acquired | Full call number | Accession Number | Price effective from | Koha item type |
|---|---|---|---|---|---|---|---|---|---|---|---|
| Anna Centenary Library | Anna Centenary Library | 4TH FLOOR, A WING | 12.10.2020 | 338.9173062 ALT | 307185 | 12.10.2020 | English Books |